| 000 | 01334cam a22003617a 4500 | ||
|---|---|---|---|
| 003 | CHAP | ||
| 005 | 20220329133513.0 | ||
| 008 | 971013s1981 r 00010 d | ||
| 010 | _a7130 | ||
| 011 | _a8102 | ||
| 035 | _a7327 | ||
| 040 | _cCHAP | ||
| 082 |
_a624.151 _bF5 |
||
| 100 | 0 | 0 |
_aFlamand Rodríguez, Carlos Luis. _941213 |
| 245 | 0 | _aIntroducción a la mecánica de suelos | |
| 260 |
_aChapingo, Méx. : _bUACH. Departamento de Irrigación, _c1981 |
||
| 300 |
_a405 p. _b: ilus. ; gráfs. |
||
| 500 | _a64-97 | ||
| 500 | _ac.3 se sust. por c.6 de la 2 ed. 1995 | ||
| 590 |
_aBATCH-UPD _b10 _c20130110 _lUCH01 _h1704 |
||
| 590 |
_aBATCH-UPD _b10 _c20130410 _lUCH01 _h1051 |
||
| 590 |
_aBATCH-UPD _b10 _c20130914 _lUCH01 _h1553 |
||
| 590 |
_aCONVERSION _b10 _c20130109 _lUCH01 _h1305 |
||
| 650 | 1 | 4 |
_aMecánica de suelos. _973824 |
| 901 | _aBK | ||
| 942 | _cLIBRO | ||
| 949 |
_a624.151 F5 _bBC _cLIBRO _d-79080 _eLIBRO _fc.7 _h83072 _i7327 _si |
||
| 949 |
_a624.151 F5 _bBC _cLIBRO _d33724000018180 _eLIBRO _h68084 _i7327 _si |
||
| 949 |
_a624.151 F5 _bBC _cLIBRO _d33724000018198 _eLIBRO _fc.2 _h68735 _i7327 _si |
||
| 949 |
_a624.151 F5 _bBC _cLIBRO _d33724000018214 _eLIBRO _fc.5 _h68738 _i7327 _si |
||
| 949 |
_a624.151 F5 _bBC _cLIBRO _d33724000018222 _eLIBRO _fc.6 _h68739 _i7327 _si |
||
| 949 |
_a624.151 F5 _bBC _cMUT _d-79077 _eMUT _fc.4 _h68737 _i7327 _si |
||
| 999 |
_c7130 _d7130 |
||